Didaktika účtovníctva A

Saved in:
Bibliographic Details
Main Author: Šlosár, Rudolf
Corporate Author: Ekonomická univerzita v Bratislave. Národohospodárska fakulta
Other Authors: Novák, Jaromír, 1978-, Máziková, Katarína, Horáčková, Alena
Format: Book
Language:Slovak
Published: Bratislava Vydavateľstvo EKONÓM 2012
Edition:1. vyd.
Subjects:
Tags: Add Tag
No Tags, Be the first to tag this record!

MARC

LEADER 00000nam$a2200000$$$4500
001 0151660
005 20240502072719.7
020 |a 978-80-225-3412-3 
041 0 |a slo 
044 |a SK 
245 1 0 |a Didaktika účtovníctva A  |c Rudolf Šlosár, Jaromír Novák 
250 |a 1. vyd. 
264 1 |a Bratislava  |b Vydavateľstvo EKONÓM  |c 2012 
300 |a 260 s. [9,472 AH] 
610 2 0 |a účtovníctvo 
610 2 0 |a didaktika 
610 2 0 |a účtovníctvo podvojné 
610 2 0 |a účtovanie 
610 2 0 |a zásoby 
610 2 0 |a majetok dlhodobý 
610 2 0 |a zápisy účtovné 
610 2 0 |a knihy účtovné 
610 2 0 |a účty kapitálové 
610 2 0 |a spoločnosti obchodné 
610 2 0 |a uzávierka účtovná 
610 2 0 |a závierka účtovná 
610 2 0 |a rozbory 
610 2 0 |a predmety učebné 
100 1 |a Šlosár, Rudolf 
700 1 |a Novák, Jaromír, 1978- 
700 1 |a Máziková, Katarína 
700 1 |a Horáčková, Alena 
710 2 |a Ekonomická univerzita v Bratislave. Národohospodárska fakulta